01435cam a2200361 a 45000010008000000030004000080050017000120080041000290100017000700200015000870380012001020400018001140500021001320820025001531000029001782450113002072500012003202600047003323000035003794400091004145000053005055040064005585630008006226500027006306500030006577000050006877000031007378560089007689060045008579420012009029990017009149520142009313054280OSt20210922143045.0960827s1997 dcua b 001 0 eng  a 96041097  a156032046X akhadija aDLCcDLCdDLC00aQA901b.A53 201000a532.0501515220bTAN1 aTannehill, John C.9169410aComputational fluid mechanics and heat transfer /cJohn C. Tannehill, Dale A. Anderson, Richard H. Pletcher. a2nd ed. aWashington, DC :bTaylor & Francis,c1997. axiii, 792 p. :bill. ;c25 cm. 0aSeries in computational and physical processes in mechanics and thermal sciences91695 aAnderson's name appears first on the earlier ed. aIncludes bibliographical references (p. 745-782) and index. aP.B 0aFluid mechanics.91678 0aHeatxTransmission.915371 aAnderson, Dale A.q(Dale Arden),d1936-916961 aPletcher, Richard H.91697423Publisher descriptionuhttp://www.loc.gov/catdir/enhancements/fy0647/96041097-d.html a7bcbccorignewd1eocipf19gy-gencatlg 2ddccBK c32512d32512 00102ddc4070aSMMEbSMMEcGENd2015-09-30l1m1o532.0501515 TAN pSMME-1272r2022-06-13s2022-02-28w2015-09-30yBKzRack,45-Shelf,2